Normal view
MARC view
Entry Personal Name
001 - CONTROL NUMBER
- control field: 586
003 - CONTROL NUMBER IDENTIFIER
- control field: OSt
005 - DATE AND TIME OF LATEST TRANSACTION
- control field: 20110409132932.0
008 - FIXED-LENGTH DATA ELEMENTS
- fixed length control field: 110409|||a|||||| | ||| d
040 ## - CATALOGING SOURCE
- Original cataloging agency: OSt
- Transcribing agency: OSt
100 ## - HEADING--PERSONAL NAME
- Personal name: Walubiri, Peter Mukidi.
670 ## - SOURCE DATA FOUND
- Source citation: Work cat.: (OSt)0: Tumwine-Mukubwa, Grace Patrick. 556, Uganda :, c1998.
